| Tag |
First Indicator |
Second Indicator |
Subfields |
| LEADER |
00000cam a2200000Ia 4500 |
| 001 |
in00002781565 |
| 006 |
m d |
| 007 |
cr cn||||||||| |
| 008 |
120501t20122013paua ob 001 0 eng d |
| 005 |
20250816222519.4 |
| 010 |
|
|
|z 2012012203
|
| 020 |
|
|
|z 9781466620056 (hardcover)
|
| 020 |
|
|
|z 9781466620063 (ebook)
|
| 020 |
|
|
|z 9781466620070 (print & perpetual access)
|
| 035 |
|
|
|a (CaPaEBR)ebr10587989
|
| 040 |
|
|
|a CaPaEBR
|c CaPaEBR
|d UtOrBLW
|
| 050 |
1 |
4 |
|a TK5103.4815
|b .C46 2012eb
|
| 082 |
0 |
4 |
|a 621.382/1
|2 23
|
| 245 |
0 |
0 |
|a Cognitive radio and interference management :
|b technology and strategy /
|c Meng-Lin Ku and Jia-Chin Lin, editors.
|
| 264 |
|
1 |
|a Hershey, PA :
|b Information Science Reference,
|c 2012
|
| 264 |
|
4 |
|c ©2013
|
| 300 |
|
|
|a 1 online resource (xvi, 338 pages) :
|b illustrations
|
| 336 |
|
|
|a text
|b txt
|2 rdacontent
|
| 337 |
|
|
|a computer
|b c
|2 rdamedia
|
| 338 |
|
|
|a online resource
|b cr
|2 rdacarrier
|
| 504 |
|
|
|a Includes bibliographical references and index.
|
| 500 |
|
|
|a Electronic resource.
|
| 650 |
|
0 |
|a Cognitive radio networks.
|
| 650 |
|
0 |
|a Radio
|x Interference
|x Prevention.
|
| 655 |
|
7 |
|a Electronic books.
|2 local
|
| 700 |
1 |
|
|a Ku, Meng-Lin,
|d 1980-
|
| 700 |
1 |
|
|a Lin, Jia-Chin,
|d 1972-
|
| 710 |
2 |
|
|a ebrary, Inc.
|
| 856 |
4 |
0 |
|u https://ebookcentral.proquest.com/lib/tamucs/detail.action?docID=3312202
|y Connect to the full text of this electronic book
|t 0
|
| 980 |
|
|
|a 120905
|b 285
|c USD
|e 427.5
|f YBP_EBR0000041692
|g 1
|
| 999 |
f |
f |
|s 34c3e973-b5e2-36bd-97c9-35e1f6b13cec
|i 0bbbede7-27d1-3dc0-b7ca-3b50e5d2d1e1
|t 0
|
| 999 |
|
|
|a MARS
|
| 952 |
f |
f |
|a Texas A&M University
|b College Station
|c Electronic Resources
|d Available Online
|t 0
|e TK5103.4815 .C46 2012eb
|h Library of Congress classification
|
| 998 |
f |
f |
|a TK5103.4815 .C46 2012eb
|t 0
|l Available Online
|